| 000 | 00636nam a2200217 a 4500 | ||
|---|---|---|---|
| 005 | 20240220063747.0 | ||
| 008 | 181017s2016 mx r 000 0 spa d | ||
| 020 | _a9786073147491 | ||
| 035 | _aUPN01000227326 | ||
| 049 | _aCG | ||
| 050 | 4 |
_aF1236.6 Z3 _bZ3.5 |
|
| 100 | 1 |
_aZavala, Margarita, _d1967- |
|
| 245 | 1 | 0 |
_aMargarita : _bmi historia / _cMargarita Zavala. |
| 260 |
_aMéxico : _bGrijalbo, _c2016. |
||
| 300 |
_a187 p. : _bil. col. |
||
| 600 | 1 | 4 |
_aZAVALA, MARGARITA, _d1967- |
| 650 | 2 |
_aEstadistas mexicanos _vBiografía _923078 |
|
| 650 | 4 |
_aMujeres en la política _zMéxico _92408 |
|
| 905 | _aLibro | ||
| 999 |
_c199421 _d199421 |
||